| 000 | 00567nam a2200229Ia 4500 | ||
|---|---|---|---|
| 008 | 180523s9999 xx 000 0 und d | ||
| 020 | _a007-125440-4 | ||
| 050 | _aMAIN HD 30.28 | ||
| 050 | _b.W35 2007 | ||
| 100 | _aWalker, Gordon. | ||
| 245 | 0 | _aModern competitive strategy / | |
| 245 | 0 | _cGordon Walker. | |
| 250 | _a2nd Edition | ||
| 260 | _aNew York : | ||
| 260 | _bMcGraw-Hill, | ||
| 260 | _c2007 | ||
| 300 | _a346 pages : | ||
| 300 | _c23 cm. | ||
| 500 | _aIncludes index. | ||
| 650 | _aStrategic planning. | ||
| 650 | _xIndustrial management. | ||
| 999 |
_c356826 _d356826 |
||